| 000 | 00348nam a22001577a 4500 | ||
|---|---|---|---|
| 003 | OSt | ||
| 008 | 240119b |||||||| |||| 00| 0 eng d | ||
| 020 | _a9780143452126 | ||
| 082 |
_a613 _bFOD |
||
| 100 | _aFOROUX,Darius | ||
| 245 | _aDo It Today | ||
| 250 | _a1st | ||
| 260 |
_aNew Delhi _bPenguin Books _c2020 |
||
| 300 | _a143 | ||
| 942 |
_2ddc _cBK |
||
| 999 |
_c12175 _d12175 |
||